|
|
|
|
| LEADER |
00000nam0a2200000 4500 |
| 001 |
273153 |
| 005 |
20231101234613.0 |
| 010 |
|
|
|a 0387162356
|
| 035 |
|
|
|a (RuTPU)RU\TPU\book\296362
|
| 090 |
|
|
|a 273153
|
| 100 |
|
|
|a 20141023d1986 k y0engy50 ba
|
| 101 |
0 |
|
|a eng
|
| 102 |
|
|
|a DE
|
| 105 |
|
|
|a a z 001zy
|
| 200 |
1 |
|
|a Mathematical Concepts in Organic Chemistry
|f I. Gutman, O. E. Polansky
|
| 210 |
|
|
|a Berlin
|c Springer-Verlag
|d 1986
|
| 215 |
|
|
|a 212 p.
|c il.
|
| 320 |
|
|
|a Literatur: p. 203-207
|
| 320 |
|
|
|a Subject Index: p. 209-212
|
| 606 |
1 |
|
|a Органическая химия
|x Математические методы
|2 stltpush
|3 (RuTPU)RU\TPU\subj\75569
|9 87285
|
| 610 |
1 |
|
|a органические соединения
|
| 610 |
1 |
|
|a химия
|
| 610 |
1 |
|
|a химическая технология
|
| 610 |
1 |
|
|a математические модели
|
| 610 |
1 |
|
|a химические исследования
|
| 610 |
1 |
|
|a химические элементы
|
| 610 |
1 |
|
|a английский язык
|
| 675 |
|
|
|a 547:51
|v 3
|
| 700 |
|
1 |
|a Gutman
|b I.
|g Ivan
|
| 701 |
|
1 |
|a Polansky
|b O. E.
|g Oskar
|
| 801 |
|
1 |
|a RU
|b 63413507
|c 20141023
|
| 801 |
|
2 |
|a RU
|b 63413507
|c 20190211
|g RCR
|
| 942 |
|
|
|c BK
|